Central Library OPAC University of Rajshahi

The theory of groups and quantum mechanics / (Record no. 71838)

MARC details
000 -LEADER
fixed length control field 00864nam a2200253 a 4500
001 - CONTROL NUMBER
control field 71838
003 - CONTROL NUMBER IDENTIFIER
rucl marc code BD-RjUL
005 - DATE AND TIME OF LATEST TRANSACTION
control field 20211209082152.0
008 - FIXED-LENGTH DATA ELEMENTS--GENERAL INFORMATION
fixed length control field 901121s1931 enka b 000 0 eng d
035 ## - SYSTEM CONTROL NUMBER
System control number (BD-RjUL)72054
040 ## - CATALOGING SOURCE
Original cataloging agency DLC
Transcribing agency NJB
Modifying agency BD-RjUL
Language of cataloging eng
041 1# - LANGUAGE CODE
Language code of text/sound track or separate title eng
Language code of original ger
082 ## - DEWEY DECIMAL CLASSIFICATION NUMBER
Classification number 512.2
Edition number 23
Author mark and year WET 1931
100 1# - MAIN ENTRY--PERSONAL NAME
Personal name Weyl, Hermann,
Dates associated with a name 1885-1955.
9 (RLIN) 155431
245 14 - TITLE STATEMENT
Title The theory of groups and quantum mechanics /
Statement of responsibility, etc. by Hermann Weyl ; translated from the second (revised) German edition by H.P. Robertson.
260 ## - PUBLICATION, DISTRIBUTION, ETC. (IMPRINT)
Place of publication, distribution, etc. London :
Name of publisher, distributor, etc. Dover pub.,
Date of publication, distribution, etc. 1931.
300 ## - PHYSICAL DESCRIPTION
Pagination xxii, 422 p. :
Illustrations ill. ;
Size 23 cm.
504 ## - BIBLIOGRAPHY, ETC. NOTE
Bibliography, etc Includes bibliography and index.
650 #0 - SUBJECT ADDED ENTRY--TOPICAL TERM
Topical term or geographic name as entry element Quantum mechanics
9 (RLIN) 212505
Topical term or geographic name as entry element Group theory.
9 (RLIN) 212729
Topical term or geographic name as entry element Quantum theory.
9 (RLIN) 212506
700 1# - ADDED ENTRY--PERSONAL NAME
Personal name Robertson, H. P.
Fuller form of name (Howard Percy),
Dates associated with a name 1903-1961.
942 ## - ADDED ENTRY ELEMENTS (KOHA)
Source of classification or shelving scheme Dewey Decimal Classification
Koha item type Books
Holdings
Lost status Source of classification or shelving scheme Damaged status Not for loan Collection code Permanent Location Current Location Shelving location Date acquired Source of acquisition Cost, normal purchase price Total Checkouts Full call number Date last seen Copy number Koha item type
  Dewey Decimal Classification   Not For Loan Non-fiction Central Library, University of Rajshahi Central Library, University of Rajshahi Reading Room 31/10/1962 Zeitlinger 14.00   512.2 WET 1931 08/05/2017 C-1 Books
  Dewey Decimal Classification   Not For Loan Non-fiction Central Library, University of Rajshahi Central Library, University of Rajshahi Reading Room 31/10/1962 Zeitlinger 14.00   512.2 WET 1931 08/05/2017 C-2 Books